000
00228 a2200097 4500
001
43294
100
_a
Russell
245
_a
In praise of Idleness other essays
260
_a
London
_b
George Allen unwin
_c
090
_c
27134
_d
27134
942
_a
NUST-CAE
_c
M
_c
19041
999
_c
278367
_d
278367